[Event "NRW Class1 1213"]
[Site "Germany"]
[Date "2013.03.10"]
[Round "7.8"]
[White "Friedl, Thomas"]
[Black "Balduan, Markus"]
[Result "0-1"]
[WhiteElo "2088"]
[BlackElo "2215"]
[PlyCount "42"]
[EventDate "2012.09.16"]
[EventType "team-tourn"]
[EventRounds "9"]
[EventCountry "GER"]
[SourceTitle "EXT 2017"]
[Source "ChessBase"]
[SourceDate "2016.10.25"]
[SourceVersion "1"]
[SourceVersionDate "2016.10.25"]
[SourceQuality "1"]
[WhiteTeam "Castrop Rauxel"]
[BlackTeam "Langenfeld"]
[WhiteTeamCountry "GER"]
[BlackTeamCountry "GER"]

1. d4 d5 2. Nc3 Bf5 3. f3 Nf6 4. Bg5 c6 5. e4 dxe4 6. Bc4 exf3 7. Nxf3 e6 8. 0-0 Be7 9. Ne5 Bg6 10. Ne2 Nd5 11. Bxe7 Qxe7 12. Qd2 Nd7 13. Bxd5 cxd5 14. Nxg6 hxg6 15. Nf4 Nf6 16. Qd3 0-0-0 17. c4 dxc4 18. Rac1 Kb8 19. Rxc4 Qd6 20. g3 Nd7 21. Rd1 g5 0-1

[Event "Oberliga NRW 1011"]
[Site "Germany"]
[Date "2011.03.13"]
[Round "8.2"]
[White "Korotkjevich, Stanislav"]
[Black "Friedl, Thomas"]
[Result "1-0"]
[WhiteElo "2351"]
[BlackElo "2199"]
[PlyCount "47"]
[EventDate "2010.09.26"]
[EventType "team-tourn"]
[EventRounds "9"]
[EventCountry "GER"]
[SourceTitle "EXT 2012"]
[Source "ChessBase"]
[SourceDate "2011.11.24"]
[SourceVersion "1"]
[SourceVersionDate "2011.11.24"]
[SourceQuality "1"]
[WhiteTeam "Koeln Porz II"]
[BlackTeam "Castrop Rauxel"]
[WhiteTeamCountry "GER"]
[BlackTeamCountry "GER"]

1. d4 d5 2. Nf3 e6 3. c4 f5 4. Nc3 Nf6 5. Qc2 c6 6. Bf4 Be7 7. e3 0-0 8. Bd3 Ne4 9. g4 Nd6 10. cxd5 cxd5 11. Rg1 Nc6 12. a3 Ne4 13. gxf5 exf5 14. Nxd5 Qa5+ 15. Ke2 Be6 16. Nxe7+ Nxe7 17. Qc7 Qxc7 18. Bxc7 Nd5 19. Be5 Ndf6 20. Rac1 Rac8 21. Rxc8 Rxc8 22. Bxe4 Nxe4 23. Rxg7+ Kf8 24. Rc7 1-0

[Event "Oberliga NRW 0910"]
[Site "Germany"]
[Date "2009.11.22"]
[Round "3.6"]
[White "Molinaroli, Martin"]
[Black "Friedl, Thomas"]
[Result "1/2-1/2"]
[WhiteElo "2193"]
[BlackElo "2211"]
[PlyCount "94"]
[EventDate "2009.09.20"]
[EventType "team-tourn"]
[EventRounds "9"]
[EventCountry "GER"]
[SourceTitle "EXT 2011"]
[Source "ChessBase"]
[SourceDate "2010.11.26"]
[SourceVersion "1"]
[SourceVersionDate "2010.11.26"]
[SourceQuality "1"]
[WhiteTeam "Muenster"]
[BlackTeam "Castrop Rauxel"]
[WhiteTeamCountry "GER"]
[BlackTeamCountry "GER"]

1. Nf3 d5 2. g3 c5 3. Bg2 Nc6 4. 0-0 Nf6 5. d3 g6 6. Nbd2 Bg7 7. e4 0-0 8. Qe2 Bg4 9. c3 Qd7 10. Re1 Rfd8 11. e5 Ne8 12. Nb3 b6 13. d4 c4 14. Nbd2 Nc7 15. Nf1 Bf5 16. Be3 f6 17. exf6 exf6 18. Qd2 Be4 19. Bh6 Bh8 20. Ne3 Re8 21. Rad1 b5 22. h4 Bg7 23. Bxg7 Kxg7 24. Kh2 Qd6 25. Ng4 Ne7 26. Qh6+ Kh8 27. Qd2 Nf5 28. Nh6 Nxh6 29. Qxh6 Qf8 30. Qd2 Kg7 31. Kg1 Qd6 32. Nh2 Bxg2 33. Kxg2 Rxe1 34. Rxe1 Re8 35. Rxe8 Nxe8 36. Qe3 Kf7 37. Qh6 Kg8 38. Qe3 Ng7 39. Ng4 h5 40. Nh2 Kf8 41. Qh6 Kf7 42. Nf1 Qe7 43. Ne3 Qe4+ 44. Kh2 a5 45. Qh8 Ne8 46. Qh7+ Ng7 47. Qh8 Ne8 1/2-1/2

[Event "Ruhrgebiet VL2 0405"]
[Site "Ruhrgebiet"]
[Date "2004.11.28"]
[Round "4.1"]
[White "Schulenburg, Pit"]
[Black "Friedl, Thomas"]
[Result "1/2-1/2"]
[WhiteElo "2232"]
[BlackElo "2085"]
[PlyCount "149"]
[EventDate "2004.09.12"]
[EventType "team"]
[EventRounds "9"]
[EventCountry "GER"]
[SourceTitle "EXT 2006"]
[Source "ChessBase"]
[SourceDate "2005.11.24"]
[SourceVersion "1"]
[SourceVersionDate "2005.11.24"]
[SourceQuality "1"]
[WhiteTeam "Dortmund FS 98"]
[BlackTeam "Castrop Rauxel II"]
[WhiteTeamCountry "GER"]
[BlackTeamCountry "GER"]

1. b3 b6 2. c4 Bb7 3. Bb2 e6 4. Nf3 Nf6 5. e3 Be7 6. Be2 0-0 7. 0-0 c5 8. Ne5 d6 9. Bf3 Qc7 10. Ng4 Nbd7 11. Nc3 Bxf3 12. Qxf3 Nxg4 13. Qxg4 Bf6 14. f4 Qc6 15. Rad1 Rfe8 16. f5 d5 17. fxe6 fxe6 18. d3 Ne5 19. Qg3 Ng6 20. Qf3 Rf8 21. Qh5 Rad8 22. Rf3 Rf7 23. Rh3 Nf8 24. Rf1 Rdd7 25. Rhf3 Qb7 26. cxd5 exd5 27. Nd1 Bxb2 28. Nxb2 Rxf3 29. Rxf3 Rf7 30. Kf2 Ng6 31. Nd1 Rxf3+ 32. gxf3 Qf7 33. Nc3 Ne7 34. Qe5 Qf6 35. Qxf6 gxf6 36. d4 cxd4 37. exd4 Kf7 38. Nb5 Nc6 39. Ke3 Ke7 40. Kf4 Ke6 41. Kg4 a6 42. Nc7+ Kd6 43. Nxa6 Nxd4 44. h4 Ke5 45. Nb4 f5+ 46. Kg3 Ne6 47. Kf2 h5 48. a4 Nc5 49. a5 bxa5 50. Nc6+ Kf4 51. Nxa5 Nd3+ 52. Ke2 Nb4 53. Kf2 Nd3+ 54. Ke2 Ne5 55. b4 Nxf3 56. Nc6 Nxh4 57. b5 Ng6 58. b6 Nf8 59. Ne7 Nd7 60. b7 Ke4 61. Ng8 Ke5 62. Kf3 h4 63. Ne7 h3 64. Nc6+ Kd6 65. Nd4 Ke5 66. Nc6+ Kf6 67. Kg3 Kg5 68. Nd4 h2 69. Nf3+ Kf6 70. Kxh2 Ke6 71. Kg3 Kd6 72. Kf4 Kc7 73. Nd4 Kxb7 74. Nxf5 d4 75. Nxd4 1/2-1/2

[Event "Ruhrgebiet VL2 0405"]
[Site "Ruhrgebiet"]
[Date "2004.10.03"]
[Round "2.1"]
[White "Prueske, Wolfgang"]
[Black "Friedl, Thomas"]
[Result "1/2-1/2"]
[WhiteElo "2041"]
[BlackElo "2085"]
[PlyCount "69"]
[EventDate "2004.09.12"]
[EventType "team"]
[EventRounds "9"]
[EventCountry "GER"]
[SourceTitle "EXT 2006"]
[Source "ChessBase"]
[SourceDate "2005.11.24"]
[SourceVersion "1"]
[SourceVersionDate "2005.11.24"]
[SourceQuality "1"]
[WhiteTeam "Dortmund Hansa II"]
[BlackTeam "Castrop Rauxel II"]
[WhiteTeamCountry "GER"]
[BlackTeamCountry "GER"]

1. e4 c6 2. d4 d5 3. Nc3 dxe4 4. Nxe4 Nf6 5. Nxf6+ gxf6 6. c3 Bf5 7. Nf3 e6 8. g3 Bd6 9. Bg2 Nd7 10. Nh4 Bg6 11. f4 f5 12. Qb3 Qb6 13. 0-0 Qxb3 14. axb3 Bh5 15. Re1 0-0 16. b4 a6 17. Bd2 Rac8 18. c4 Rfe8 19. Ra3 Be7 20. Nf3 Bxf3 21. Bxf3 Bf6 22. Rae3 Red8 23. Bc3 Nb6 24. b5 Nd7 25. Rd1 Re8 26. h3 Nf8 27. Rc1 Ng6 28. Kf2 Red8 29. Ke2 Rd7 30. Kd1 Kf8 31. Be1 Rcd8 32. Bf2 Be7 33. Be1 Bf6 34. Bf2 Be7 35. Be1 1/2-1/2

[Event "BL2-West 0203"]
[Site "Germany"]
[Date "2003.02.09"]
[Round "6.6"]
[White "Scholz, Christian"]
[Black "Friedl, Thomas"]
[Result "1-0"]
[WhiteElo "2383"]
[BlackElo "2227"]
[PlyCount "121"]
[EventDate "2002.10.20"]
[EventType "team-tourn"]
[EventRounds "9"]
[EventCountry "GER"]
[SourceTitle "EXT 2004"]
[Source "ChessBase"]
[SourceDate "2003.11.25"]
[SourceVersion "1"]
[SourceVersionDate "2003.11.25"]
[SourceQuality "1"]
[WhiteTeam "Katernberg"]
[BlackTeam "Castrop Rauxel"]
[WhiteTeamCountry "GER"]
[BlackTeamCountry "GER"]

1. d4 f5 2. Nf3 Nf6 3. g3 e6 4. Bg2 d5 5. c4 c6 6. 0-0 Bd6 7. Bf4 Bxf4 8. gxf4 Nbd7 9. Qc2 Ne4 10. Ne5 0-0 11. e3 Nd6 12. Nd2 Nxe5 13. dxe5 Nf7 14. b4 g5 15. fxg5 Qxg5 16. f4 Qe7 17. cxd5 cxd5 18. Rab1 Bd7 19. Nf3 Rac8 20. Qd2 Bb5 21. Rfc1 Rxc1+ 22. Rxc1 Bc4 23. a3 Nd8 24. Nd4 Qe8 25. Kh1 Kh8 26. Rg1 Rg8 27. Qf2 Qh5 28. Bf3 Qh6 29. h4 Rxg1+ 30. Kxg1 Nc6 31. Nxc6 bxc6 32. Qg3 Qg7 33. Qxg7+ Kxg7 34. Kf2 Kf7 35. Ke1 Ke7 36. Kd2 Kd7 37. Kc3 h6 38. Kd4 Bb5 39. Kc5 Kc7 40. Bd1 Kd7 41. a4 Bd3 42. b5 cxb5 43. axb5 Kc7 44. Bh5 Kd7 45. Kb4 Bf1 46. Ka5 Kc7 47. Be8 Bc4 48. Ka6 Kb8 49. Bf7 d4 50. exd4 Bd5 51. Be8 Bb7+ 52. Ka5 Kc7 53. Bh5 Bd5 54. Be2 Bb7 55. Bc4 Kd7 56. Kb4 Be4 57. Kc5 Bf3 58. d5 exd5 59. Bxd5 Be2 60. Bc6+ Kc8 61. e6 1-0